000 00651nam a2200217 i 4500
001 137583
003 ES-MaACL
005 20250811063144.0
007 t|
008 070214s1955 sp r ||||1| spa d
100 1 _aSalazar, Adolfo,
_d1890-1958
_9101798
245 1 4 _aLos grandes compositores de la epoca romántica /
_cAdolfo Salazar.
250 _a2ª ed. rev. por el autor.
260 _aMadrid :
_bAguilar,
_c1955.
300 _aXII, 504 p. ;
_c20 cm.
490 1 _aCol. Literaria
650 4 _aMúsica-
_yS.XIX.
_9139786
830 0 _aCol. Literaria
_9187024
852 _aES-MaACL
_jC-10548
_bR.37607
999 _c137583
_d137583